banner-ar

0000 TO 8085 INTRODUCTION TO MICROPROCESSORS FOR ENGINEERS AND SCIENTISTS / (Record no. 10886)

MARC details
000 -الفاتح
حقل البيانات ثابتة الطول 00534nam a2200181Ia 4500
008 - عناصر البيانات ثابتة الطول - معلومات عامة
حقل البيانات ثابتة الطول 140319s9999 xx 000 0 eng d
040 ## - مصدر الفهرسة
وكالة الفهرسة الأصلية GCL /
وكالة النسخ GCL
082 04 - رقم تصنيف ديوى العشرى
رقم التصنيف 004.16
رقم المادة G I
100 1# - المدخل الرئيسى - إسم شخصى
الإسم الشخصى SRIDHAR, S.
245 10 - بيان العنوان
العنوان 0000 TO 8085 INTRODUCTION TO MICROPROCESSORS FOR ENGINEERS AND SCIENTISTS /
بيان المسئوليه,etc SRIDHAR, S.
700 1# - المدخل الاضافى - اسم شخصى
الإسم الشخصى GHOSH, P. K.
700 1# - المدخل الاضافى - اسم شخصى
الإسم الشخصى SRIDHAR, P R
260 ## - PUBLICATION, DISTRIBUTION, ETC. (IMPRINT)
تاريخ النشر أو التوزيع 1995
650 04 - المدخل الاضافى بالموضوع-مصطلح موضوعى
مصطلح موضوعي شعر الحرب
650 04 - المدخل الاضافى بالموضوع-مصطلح موضوعى
مصطلح موضوعي MICRO PROCESSORS
942 ## - عناصر المدخل الإضافي( كوها)
مصدر التصنيف او مخطط الترفيف Dewey Decimal Classification
Koha [default] item type كتاب
260 ## - PUBLICATION, DISTRIBUTION, ETC. (IMPRINT)
-- [S.N] :
-- PRENTICE- HELL INTERNATIONAL, INC. ،
Holdings
حالة التراجع حالة الفقد حالة تلف ليس للاعارة المكان المؤقت الموقع الحالى تاريخ الاكتساب اجمالي اﻻعارات رقم الطلب الباركود تاريخ اخر مشاهدة تاريخ تفعيل السعر نوع وعاء كوها
        مكتبة القاهرة الكبرى مكتبة القاهرة الكبرى 03/26/2014   004.16\G I 21810 03/26/2014 03/26/2014 كتاب

Powered By

EGPV